<?xml version="1.0" encoding="UTF-8"?><marc:collection xmlns:marc="http://www.loc.gov/MARC21/slim">
  <marc:record>
    <marc:leader>00000nam  2200000za 4500</marc:leader>
    <marc:controlfield tag="001">9.686963</marc:controlfield>
    <marc:controlfield tag="003">CaOODSP</marc:controlfield>
    <marc:controlfield tag="005">20210615135251</marc:controlfield>
    <marc:controlfield tag="007">cr |||||||||||</marc:controlfield>
    <marc:controlfield tag="008">150407|2004||||xxc|||||o    f|0| 0 eng d</marc:controlfield>
    <marc:datafield tag="020" ind1=" " ind2=" ">
      <marc:subfield code="a">0-662-36856-8</marc:subfield>
    </marc:datafield>
    <marc:datafield tag="040" ind1=" " ind2=" ">
      <marc:subfield code="a">CaOODSP</marc:subfield>
      <marc:subfield code="b">eng</marc:subfield>
    </marc:datafield>
    <marc:datafield tag="043" ind1=" " ind2=" ">
      <marc:subfield code="a">n-cn---</marc:subfield>
    </marc:datafield>
    <marc:datafield tag="086" ind1="1" ind2=" ">
      <marc:subfield code="a">TU4-14/2004E-HTML</marc:subfield>
    </marc:datafield>
    <marc:datafield tag="110" ind1="2" ind2=" ">
      <marc:subfield code="a">Transportation Safety Board of Canada.</marc:subfield>
    </marc:datafield>
    <marc:datafield tag="245" ind1="1" ind2="0">
      <marc:subfield code="a">Sinking and loss of life - amphibious passenger vehicle Lady Duck, Ottawa River near the Hull Marina, Gatineau, Quebec, 23 June 2002 : </marc:subfield>
      <marc:subfield code="h">[electronic resource]</marc:subfield>
      <marc:subfield code="b">Marine investigation report M02C0030 </marc:subfield>
    </marc:datafield>
    <marc:datafield tag="260" ind1=" " ind2=" ">
      <marc:subfield code="a">Ottawa - Ontario : </marc:subfield>
      <marc:subfield code="b">Transportation Safety Board of Canada </marc:subfield>
      <marc:subfield code="c">2004.</marc:subfield>
    </marc:datafield>
    <marc:datafield tag="520" ind1="3" ind2=" ">
      <marc:subfield code="a">This report details the Board’s investigation into the sinking of this amphibious vessel and the death of four of its passengers. Factual information (e.g., the construction of the vessel, the company’s standard operating procedures, and the use and availability of life-saving equipment) is followed by an analysis of the cause of the sinking and loss of life and the action taken. It also examines what action would be required to prevent a similar incident.</marc:subfield>
    </marc:datafield>
    <marc:datafield tag="690" ind1="0" ind2="7">
      <marc:subfield code="a">Marine accidents</marc:subfield>
      <marc:subfield code="2">gcpds</marc:subfield>
    </marc:datafield>
    <marc:datafield tag="775" ind1="0" ind2="8">
      <marc:subfield code="t">Naufrage avec pertes de vie du véhicule amphibie à passagers Lady Duck dans la rivière des Outaouais près de la Marina de Hull, Gatineau (Québec), le 23 juin 2002 : </marc:subfield>
      <marc:subfield code="w">(CaOODSP)9.631426</marc:subfield>
    </marc:datafield>
    <marc:datafield tag="776" ind1="0" ind2="#">
      <marc:subfield code="t">Sinking and loss of life - amphibious passenger vehicle Lady Duck, Ottawa River near the Hull Marina, Gatineau, Quebec, 23 June 2002 : </marc:subfield>
      <marc:subfield code="w">(CaOODSP)9.649275</marc:subfield>
    </marc:datafield>
    <marc:datafield tag="856" ind1="4" ind2="0">
      <marc:subfield code="u">http://www.tsb.gc.ca/en/reports/marine/2002/m02c0030/m02c0030.asp</marc:subfield>
      <marc:subfield code="s">N/A</marc:subfield>
      <marc:subfield code="q">HTML</marc:subfield>
    </marc:datafield>
  </marc:record>
</marc:collection>
